[Event "Leitersdorf op"]
[Site "Leitersdorf"]
[Date "2016.01.05"]
[Round "4"]
[White "Goeslbauer, Harald"]
[Black "Schweiger, Martin"]
[Result "1/2-1/2"]
[WhiteElo "1866"]
[BlackElo "1627"]
[PlyCount "55"]
[EventDate "2016.01.02"]
[EventType "swiss"]
[EventRounds "5"]
[EventCountry "AUT"]
[SourceTitle "CBM 170 Extra"]
[Source "ChessBase"]
[SourceDate "2016.02.25"]
[SourceVersion "1"]
[SourceVersionDate "2016.02.25"]
[SourceQuality "1"]

1. d4 Nf6 2. Bg5 d6 3. Nf3 Nbd7 4. e3 g6 5. c4 Bg7 6. Nc3 0-0 7. Bd3 c6 8. 0-0 Qc7 9. h3 Re8 10. e4 e5 11. d5 Nc5 12. b4 Nxd3 13. Qxd3 Nh5 14. Rac1 a5 15. a4 b6 16. Qd2 f5 17. exf5 gxf5 18. Bh6 Qf7 19. Qg5 Qg6 20. Bxg7 Kxg7 21. Ne2 Qxg5 22. Nxg5 h6 23. Nf3 Kh7 24. Kh2 Rg8 25. Rg1 Ra7 26. Rc3 Rag7 27. g3 Nf6 28. Nd2 1/2-1/2

[Event "Leitersdorf Region-ch"]
[Site "Leitersdorf"]
[Date "2014.01.04"]
[Round "3"]
[White "Niesswohl, Werner"]
[Black "Schweiger, Martin"]
[Result "0-1"]
[WhiteElo "1623"]
[BlackElo "1694"]
[PlyCount "106"]
[EventDate "2014.01.02"]
[EventType "swiss"]
[EventRounds "5"]
[EventCountry "AUT"]
[SourceTitle "CBM 158 Extra"]
[Source "ChessBase"]
[SourceDate "2014.02.28"]
[SourceVersion "1"]
[SourceVersionDate "2014.02.28"]
[SourceQuality "1"]

1. e4 d6 2. d4 Nf6 3. Nc3 g6 4. f4 Bg7 5. Be2 0-0 6. Nf3 c5 7. dxc5 Qa5 8. 0-0 Qxc5+ 9. Qd4 Qxd4+ 10. Nxd4 Nxe4 11. Ndb5 Nxc3 12. bxc3 Nc6 13. Rb1 a6 14. Nc7 Rb8 15. Be3 Bxc3 16. Bf3 Bd7 17. Rb3 Ba5 18. Nd5 f6 19. Ra3 Bd8 20. Rb1 e6 21. Nc3 Be7 22. Na4 Kf7 23. Nb6 Be8 24. Rc3 d5 25. Rd3 Nb4 26. Rc3 Nc6 27. f5 gxf5 28. Bh6 Rg8 29. Nxd5 exd5 30. Bxd5+ Kg6 31. Bxg8 Kxh6 32. Rh3+ Kg7 33. Bxh7 Nd4 34. c3 Ne2+ 35. Kf2 Nf4 36. Rh4 Bc5+ 37. Kf3 Ng6 38. Bxg6 Bc6+ 39. Kg3 Kxg6 40. Kh3 Re8 41. g3 Re2 42. Rf4 Bg2+ 43. Kh4 Be4 44. g4 Bxb1 45. Rc4 Rxh2+ 46. Kg3 Bd6+ 47. Kf3 fxg4+ 48. Rxg4+ Kf7 49. Rd4 Ke6 50. Rd1 Bxa2 51. Re1+ Kf5 52. Ke3 Rh3+ 53. Kd4 Be5+ 0-1

[Event "Leitersdorf Region-ch"]
[Site "Leitersdorf"]
[Date "2012.01.06"]
[Round "4.1"]
[White "Toelly, Michael"]
[Black "Schweiger, Martin"]
[Result "1-0"]
[WhiteElo "1676"]
[BlackElo "1608"]
[PlyCount "39"]
[EventDate "2012.01.03"]
[EventType "swiss"]
[EventRounds "5"]
[EventCountry "AUT"]
[SourceTitle "EXT 2013"]
[Source "ChessBase"]
[SourceDate "2012.11.22"]
[SourceVersion "1"]
[SourceVersionDate "2012.11.22"]
[SourceQuality "1"]

1. e4 c5 2. c3 Nf6 3. e5 Nd5 4. d4 cxd4 5. cxd4 Nc6 6. Nf3 e6 7. Bc4 Nb6 8. Bb3 d5 9. exd6 Bxd6 10. 0-0 0-0 11. Nc3 h6 12. Re1 Bd7 13. a3 Rc8 14. Qd3 a6 15. Bc2 f5 16. d5 exd5 17. Nxd5 Bc7 18. Nxc7 Qxc7 19. b4 Nxb4 20. Bb3+ 1-0